1962 College Football AP Poll - Statistics

General Stats
  • This quiz has been taken 15 times
  • The average score is 101 of 120
Answer Stats
Week Rank Team W L T Conference % Correct
Preseason 3 Alabama 0 0 SEC
100%
Week 1 (9/24) 1 Alabama 1 0 SEC
100%
Week 2 (10/1) 2 Alabama 2 0 SEC
100%
Week 3 (10/8) 1 Alabama 3 0 SEC
100%
Week 4 (10/15) 2 Alabama 4 0 SEC
100%
Week 5 (10/22) 2 Alabama 5 0 SEC
100%
Week 6 (10/29) 2 Alabama 6 0 SEC
100%
Week 7 (11/5) 3 Alabama 7 0 SEC
100%
Week 8 (11/12) 1 Alabama 8 0 SEC
100%
Week 9 (11/19) 6 Alabama 8 1 SEC
100%
Week 10 (11/26) 5 Alabama 8 1 SEC
100%
Week 11 (12/4) 5 Alabama 9 1 SEC
100%
Preseason 1 Ohio State 0 0 Big Ten
100%
Week 1 (9/24) 2 Ohio State 0 0 Big Ten
100%
Week 2 (10/1) 1 Ohio State 1 0 Big Ten
100%
Week 3 (10/8) 10 Ohio State 1 1 Big Ten
100%
Week 4 (10/15) 6 Ohio State 2 1 Big Ten
100%
Preseason 9 Penn State 0 0 Independent
100%
Week 1 (9/24) 4 Penn State 1 0 Independent
100%
Week 2 (10/1) 4 Penn State 2 0 Independent
100%
Week 3 (10/8) 3 Penn State 3 0 Independent
100%
Week 9 (11/19) 9 Penn State 8 1 Independent
100%
Week 10 (11/26) 9 Penn State 9 1 Independent
100%
Week 11 (12/4) 9 Penn State 9 1 Independent
100%
Preseason 2 Texas 0 0 Southwest
100%
Week 1 (9/24) 3 Texas 1 0 Southwest
100%
Week 2 (10/1) 3 Texas 2 0 Southwest
100%
Week 3 (10/8) 2 Texas 3 0 Southwest
100%
Week 4 (10/15) 1 Texas 4 0 Southwest
100%
Week 5 (10/22) 1 Texas 5 0 Southwest
100%
Week 6 (10/29) 5 Texas 5 0 1 Southwest
100%
Week 7 (11/5) 5 Texas 6 0 1 Southwest
100%
Week 8 (11/12) 5 Texas 7 0 1 Southwest
100%
Week 9 (11/19) 4 Texas 8 0 1 Southwest
100%
Week 10 (11/26) 4 Texas 9 0 1 Southwest
100%
Week 11 (12/4) 4 Texas 9 0 1 Southwest
100%
Week 1 (9/24) 9 USC 1 0 Western Universities
100%
Week 2 (10/1) 6 USC 2 0 Western Universities
100%
Week 3 (10/8) 4 USC 3 0 Western Universities
100%
Week 4 (10/15) 3 USC 3 0 Western Universities
100%
Week 5 (10/22) 4 USC 4 0 Western Universities
100%
Week 6 (10/29) 3 USC 5 0 Western Universities
100%
Week 7 (11/5) 2 USC 6 0 Western Universities
100%
Week 8 (11/12) 2 USC 7 0 Western Universities
100%
Week 9 (11/19) 1 USC 8 0 Western Universities
100%
Week 10 (11/26) 1 USC 9 0 Western Universities
100%
Week 11 (12/4) 1 USC 10 0 Western Universities
100%
Week 1 (9/24) 8 Georgia Tech 1 0 SEC
91%
Week 2 (10/1) 5 Georgia Tech 2 0 SEC
91%
Week 6 (10/29) 10 Auburn 5 0 SEC
82%
Preseason 5 LSU 0 0 SEC
82%
Week 1 (9/24) 5 LSU 1 0 SEC
82%
Week 3 (10/8) 6 LSU 2 0 1 SEC
82%
Week 4 (10/15) 4 LSU 3 0 1 SEC
82%
Week 5 (10/22) 6 LSU 4 0 1 SEC
82%
Week 6 (10/29) 4 LSU 5 0 1 SEC
82%
Week 7 (11/5) 9 LSU 5 1 1 SEC
82%
Week 8 (11/12) 10 LSU 6 1 1 SEC
82%
Week 9 (11/19) 8 LSU 7 1 1 SEC
82%
Week 10 (11/26) 7 LSU 8 1 1 SEC
82%
Week 11 (12/4) 7 LSU 8 1 1 SEC
82%
Preseason 4 Michigan State 0 0 Big Ten
82%
Week 1 (9/24) 6 Michigan State 0 0 Big Ten
82%
Week 5 (10/22) 10 Michigan State 3 1 Big Ten
82%
Week 6 (10/29) 7 Michigan State 4 1 Big Ten
82%
Week 9 (11/19) 10 Oklahoma 6 2 Big Eight
82%
Week 10 (11/26) 8 Oklahoma 7 2 Big Eight
82%
Week 11 (12/4) 8 Oklahoma 8 2 Big Eight
82%
Preseason 6 Ole Miss 0 0 SEC
82%
Week 1 (9/24) 7 Ole Miss 1 0 SEC
82%
Week 2 (10/1) 7 Ole Miss 2 0 SEC
82%
Week 3 (10/8) 5 Ole Miss 3 0 SEC
82%
Week 4 (10/15) 5 Ole Miss 3 0 SEC
82%
Week 5 (10/22) 7 Ole Miss 4 0 SEC
82%
Week 6 (10/29) 6 Ole Miss 5 0 SEC
82%
Week 7 (11/5) 4 Ole Miss 6 0 SEC
82%
Week 8 (11/12) 3 Ole Miss 7 0 SEC
82%
Week 9 (11/19) 2 Ole Miss 8 0 SEC
82%
Week 10 (11/26) 3 Ole Miss 8 0 SEC
82%
Week 11 (12/4) 3 Ole Miss 9 0 SEC
82%
Preseason 10 Washington 0 0 Western Universities
82%
Week 2 (10/1) 8 Washington 1 0 1 Western Universities
82%
Week 3 (10/8) 7 Washington 2 0 1 Western Universities
82%
Week 4 (10/15) 9 Washington 3 0 1 Western Universities
82%
Week 5 (10/22) 8 Washington 4 0 1 Western Universities
82%
Week 6 (10/29) 9 Washington 4 0 2 Western Universities
82%
Week 4 (10/15) 10 Wisconsin 3 0 Big Ten
82%
Week 5 (10/22) 5 Wisconsin 4 0 Big Ten
82%
Week 7 (11/5) 8 Wisconsin 5 1 Big Ten
82%
Week 8 (11/12) 4 Wisconsin 6 1 Big Ten
82%
Week 9 (11/19) 3 Wisconsin 7 1 Big Ten
82%
Week 10 (11/26) 2 Wisconsin 8 1 Big Ten
82%
Week 11 (12/4) 2 Wisconsin 8 1 Big Ten
82%
Week 2 (10/1) 10 Army 2 0 Independent
73%
Preseason 8 Duke 0 0 ACC
64%
Week 7 (11/5) 10 Minnesota 4 1 1 Big Ten
64%
Week 8 (11/12) 8 Minnesota 5 1 1 Big Ten
64%
Week 9 (11/19) 5 Minnesota 6 1 1 Big Ten
64%
Week 10 (11/26) 10 Minnesota 6 2 1 Big Ten
64%
Week 11 (12/4) 10 Minnesota 6 2 1 Big Ten
64%
Week 1 (9/24) 10 Missouri 1 0 Big Eight
64%
Week 7 (11/5) 7 Missouri 6 0 1 Big Eight
64%
Week 8 (11/12) 6 Missouri 7 0 1 Big Eight
64%
Preseason 7 Purdue 0 0 Big Ten
64%
Week 3 (10/8) 9 Purdue 1 0 1 Big Ten
64%
Week 3 (10/8) 8 Arkansas 3 0 Southwest
55%
Week 4 (10/15) 7 Arkansas 4 0 Southwest
55%
Week 5 (10/22) 9 Arkansas 4 1 Southwest
55%
Week 6 (10/29) 8 Arkansas 5 1 Southwest
55%
Week 7 (11/5) 6 Arkansas 6 1 Southwest
55%
Week 8 (11/12) 7 Arkansas 7 1 Southwest
55%
Week 9 (11/19) 7 Arkansas 8 1 Southwest
55%
Week 10 (11/26) 6 Arkansas 9 1 Southwest
55%
Week 11 (12/4) 6 Arkansas 9 1 Southwest
55%
Week 4 (10/15) 8 Northwestern 3 0 Big Ten
55%
Week 5 (10/22) 3 Northwestern 4 0 Big Ten
55%
Week 6 (10/29) 1 Northwestern 5 0 Big Ten
55%
Week 7 (11/5) 1 Northwestern 6 0 Big Ten
55%
Week 8 (11/12) 9 Northwestern 6 1 Big Ten
55%
Week 2 (10/1) 9 Miami 2 0 Independent
36%
No matching quizzes found
Score Distribution
Percent of People with Each Score
Percentile by Number Answered
Your Score History
You have not taken this quiz